|
|
|
|
| LEADER |
00000nam a22000007a 4500 |
| 005 |
20190917130851.0 |
| 007 |
cr|||| |||| |
| 008 |
190917s2019 uk |||||s|||| 00||0 eng d |
| 020 |
|
|
|a 9786139454853
|
| 035 |
|
|
|a 24941
|
| 040 |
|
|
|a vLex
|
| 090 |
|
|
|c 9539
|d 9539
|
| 100 |
1 |
|
|a Dr&̤#380;dż, Dominika Katarzyna
|
| 245 |
1 |
0 |
|a Responsibility for agression and the crime of agression
|h [Recurso electrn̤ico] /
|c Dominika Katarzyna Dr&̤#380;dż
|
| 256 |
|
|
|a Servicio en ln̕ea
|
| 260 |
|
|
|a Londres:
|b Lambert Academic Publishing,
|c 2019
|
| 300 |
|
|
|a 1 recurso electrn̤ico
|
| 500 |
|
|
|a In spite of various national solutions, similar arrangements are sought to prevent the crime of aggression from a legal point of view. Therefore, efforts are made to harmonise the laws of countries around the world in the field of aggression and the crime of aggression, so that such a crime never occurs, which does not mean, however, the unification of national legislation in the world. n domestic law there could be differences between the laws of states that accept the same international crime in the ICC Statute, as shown above in the examples (which results in a different interpretation of these provisions in these countries). Nevertheless, there is an ongoing process of dispersion of the international law. There is an increasing disproportionation of the international and national part of the norms governing the issue of criminal liability. If a state has already taken care of such a crime of aggression in its domestic law, it could now ratify the crime of aggression in the Rome Statute. This state is "legally protected" by ICC against committing this crime.
|
| 506 |
1 |
|
|a Disponible solo en los productos indicados
|d vLex Global
|d vLex Global (Academic Edition, excluding Law Schools)
|d vLex Global (U.S. Academic Edition, Law Schools)
|d vLex Global (U.S. Academic Edition, excluding Law Schools)
|d vLex Global (Academic Edition, Law Schools)
|
| 650 |
0 |
4 |
|a Derecho Pb︢lico y Administrativo
|z Inglaterra
|
| 740 |
0 |
|
|a vLex Libros (Servicio en ln̕ea)
|
| 856 |
4 |
0 |
|u http://vlex.com/source/24941
|z Acceso restringido
|
| 942 |
|
|
|c BOOK
|
| 999 |
0 |
|
|a Public and Administrative Law
|